| Tag |
First Indicator |
Second Indicator |
Subfields |
| LEADER |
00000cam a2200000 4500 |
| 001 |
in00000488264 |
| 005 |
20151013052954.0 |
| 008 |
721010s1923 enka 00110beng |
| 010 |
|
|
|a 23011677
|
| 035 |
|
|
|a (OCoLC)00425148
|
| 035 |
|
|
|9 ACB7621AM
|
| 040 |
|
|
|c KSU
|d TXA
|d UtOrBLW
|
| 049 |
|
|
|a TXAM
|c [958740]
|
| 050 |
0 |
0 |
|a NA997.W8
|b W4
|
| 100 |
1 |
|
|a Weaver, Lawrence,
|d 1876-1930.
|
| 245 |
1 |
0 |
|a Sir Christopher Wren, scientist, scholar and architect /
|c by Sir Lawrence Weaver.
|
| 264 |
|
1 |
|a London :
|b Offices of "Country life", ltd. [etc.];
|a New York :
|b C. Scribner's sons,
|c 1923.
|
| 300 |
|
|
|a xiv, 173 pages :
|b illustrations ;
|c 20 cm.
|
| 336 |
|
|
|a text
|b txt
|2 rdacontent
|
| 337 |
|
|
|a unmediated
|b n
|2 rdamedia
|
| 338 |
|
|
|a volume
|b nc
|2 rdacarrier
|
| 500 |
|
|
|a "Authorities and acknowledgments": p. vii-x.
|
| 600 |
1 |
0 |
|a Wren, Christopher,
|c Sir,
|d 1632-1723.
|
| 999 |
|
|
|a MARS
|
| 999 |
f |
f |
|s 0e4f536c-4bfc-3d5a-80bb-fc293691c41c
|i ba6fc0d2-6286-3368-b01a-2fd7a5a5d3ec
|t 0
|
| 952 |
f |
f |
|p ric
|a Texas A&M University
|b Rellis Campus
|c Joint Library Facility
|d Remote Storage
|t 0
|e NA997.W8 W4
|h Library of Congress classification
|i unmediated -- volume
|m A14803421977
|
| 998 |
f |
f |
|a NA997.W8 W4
|t 0
|l Remote Storage
|